[Event "RA Spring op"]
[Site "Ottawa CAN"]
[Date "1997.03.15"]
[Round "2"]
[White "Hergott, Deen"]
[Black "Awate, Avinash"]
[Result "1-0"]
[WhiteElo "2529"]
[BlackElo "2346"]
[PlyCount "85"]
[EventDate "1997.03.15"]
[EventType "swiss"]
[EventRounds "5"]
[EventCountry "CAN"]

1. d4 g6 2. e4 Bg7 3. Nf3 d6 4. Nc3 c6 5. Be3 Nf6 6. Qd2 Bg4 7. Bh6 Bxh6 8.
Qxh6 Bxf3 9. gxf3 Nbd7 10. O-O-O Qa5 11. f4 Qh5 12. Qg5 Qxg5 13. fxg5 Nh5 14.
Ne2 e5 15. Bh3 O-O-O 16. Bg4 Nf4 17. Nxf4 exf4 18. h4 h6 19. Rdg1 Rde8 20. h5
hxg5 21. hxg6 fxg6 22. Rxh8 Rxh8 23. Kd2 Rh6 24. Ke2 Kd8 25. Bxd7 Kxd7 26. Rxg5
Ke7 27. Rg4 Kf6 28. Rxf4+ Ke7 29. Rf3 Rh7 30. Ra3 a6 31. Rb3 Kf6 32. Rb6 Re7
33. Kd3 Ke6 34. c4 g5 35. f3 Rh7 36. Ke3 Rf7 37. b4 Rc7 38. a4 Kd7 39. c5 Ke6
40. d5+ Ke5 41. dxc6 bxc6 42. cxd6 Kxd6 43. Rxa6 1-0

[Event "RA Spring op"]
[Site "Ottawa CAN"]
[Date "1997.03.15"]
[Round "3"]
[White "Taylor, Gordon"]
[Black "Hergott, Deen"]
[Result "0-1"]
[WhiteElo "2411"]
[BlackElo "2529"]
[PlyCount "64"]
[EventDate "1997.03.15"]
[EventType "swiss"]
[EventRounds "5"]
[EventCountry "CAN"]

1. d4 d5 2. c4 e6 3. Nc3 c6 4. e3 Nf6 5. Nf3 Nbd7 6. Qc2 Bd6 7. Be2 O-O 8. O-O
dxc4 9. Bxc4 b5 10. Bd3 Bb7 11. Ne4 Nxe4 12. Bxe4 h6 13. Nd2 Qb8 14. g3 Rc8 15.
Nb3 c5 16. Bxb7 Qxb7 17. dxc5 Nxc5 18. Nxc5 Rxc5 19. Qb3 h5 20. Bd2 h4 21. Bb4
h3 22. f3 Rd5 23. e4 Qb6+ 24. Kh1 Rd4 25. Bc3 Rc4 26. a4 Rxa4 27. Rxa4 bxa4 28.
Qxa4 Rc8 29. Bd4 Qb7 30. Qxa7 Qb5 31. Qa1 Rc2 32. Qd1 Rd2 0-1

[Event "RA Spring op"]
[Site "Ottawa CAN"]
[Date "1997.03.16"]
[Round "4"]
[White "Hergott, Deen"]
[Black "Sarkar, Prosanto"]
[Result "1/2-1/2"]
[WhiteElo "2529"]
[BlackElo "2246"]
[PlyCount "62"]
[EventDate "1997.03.15"]
[EventType "swiss"]
[EventRounds "5"]
[EventCountry "CAN"]

1. Nf3 Nf6 2. g3 g6 3. Bg2 Bg7 4. d4 d6 5. O-O O-O 6. a4 a5 7. b3 c6 8. Bb2 Qc7
9. Nbd2 Bg4 10. e4 Nfd7 11. Nc4 Nb6 12. Ne3 Bxf3 13. Bxf3 N8d7 14. Qd2 Nf6 15.
Bg2 e5 16. dxe5 dxe5 17. Qc3 Rfe8 18. Rfd1 Bf8 19. Ba3 Bxa3 20. Rxa3 Qe7 21.
Raa1 Nbd7 22. Nc4 Qc5 23. Rd3 Qb4 24. Qxb4 axb4 25. Rad1 Re7 26. f3 Nc5 27.
Rd8+ Rxd8 28. Rxd8+ Kg7 29. Bh3 Ne8 30. Kf2 Nc7 31. Rd2 f6 1/2-1/2

[Event "RA Spring op"]
[Site "Ottawa CAN"]
[Date "1997.03.16"]
[Round "5"]
[White "Hergott, Deen"]
[Black "Djerkovic, Miladin"]
[Result "1/2-1/2"]
[WhiteElo "2429"]
[BlackElo "2395"]
[PlyCount "43"]
[EventDate "1997.03.15"]
[EventType "swiss"]
[EventRounds "5"]
[EventCountry "CAN"]

1. Nf3 Nf6 2. c4 e6 3. g3 b6 4. Bg2 Bb7 5. O-O Be7 6. d4 O-O 7. d5 exd5 8. Nh4
c6 9. cxd5 cxd5 10. Nf5 Na6 11. Nc3 Nc7 12. Bf4 Bc5 13. Rc1 d6 14. a3 a5 15. e4
Ne6 16. exd5 Nxf4 17. gxf4 Bc8 18. Nd4 Bg4 19. Qd2 Qd7 20. Rfe1 Rfe8 21. Re3
Nh5 22. Ne4 1/2-1/2

[Event "RA CC Active"]
[Site "Ottawa CAN"]
[Date "1997.02.27"]
[Round "1"]
[White "Hergott, Deen"]
[Black "Arseneau, Peter"]
[Result "1-0"]
[WhiteElo "2525"]
[BlackElo "1816"]
[PlyCount "35"]
[EventDate "1997.02.27"]
[EventType "swiss (rapid)"]
[EventRounds "8"]
[EventCountry "CAN"]

1. e4 e5 2. f4 d5 3. exd5 c6 4. Qe2 cxd5 5. fxe5 Nc6 6. c3 Qc7 7. Nf3 Bg4 8.
Na3 Bxa3 9. bxa3 d4 10. Bb2 Rd8 11. cxd4 Nxd4 12. Bxd4 Bxf3 13. Qxf3 Rxd4 14.
Bb5+ Ke7 15. O-O Qb6 16. Qxf7+ Kd8 17. Kh1 Qxb5 18. Qxg7 1-0

[Event "RA CC Active"]
[Site "Ottawa CAN"]
[Date "1997.02.27"]
[Round "2"]
[White "Collins, Chris"]
[Black "Hergott, Deen"]
[Result "0-1"]
[WhiteElo "2134"]
[BlackElo "2525"]
[PlyCount "32"]
[EventDate "1997.02.27"]
[EventType "swiss (rapid)"]
[EventRounds "8"]
[EventCountry "CAN"]

1. e4 e6 2. d3 d5 3. Nd2 Nf6 4. Ngf3 Nc6 5. e5 Nd7 6. d4 f6 7. Qe2 fxe5 8. Nxe5
Nxd4 9. Qh5+ g6 10. Nxg6 Nf6 11. Qh4 Nxc2+ 12. Kd1 hxg6 13. Qa4+ Bd7 14. Qxc2
Ne4 15. Nxe4 dxe4 16. Be3 Ba4+ 0-1

[Event "RA CC Active"]
[Site "Ottawa CAN"]
[Date "1997.02.27"]
[Round "3"]
[White "Hergott, Deen"]
[Black "Devenport, Martin"]
[Result "1-0"]
[WhiteElo "2525"]
[BlackElo "2278"]
[PlyCount "125"]
[EventDate "1997.02.27"]
[EventType "swiss (rapid)"]
[EventRounds "8"]
[EventCountry "CAN"]

1. d4 d5 2. c4 c6 3. Nc3 Nf6 4. e3 e6 5. Nf3 Nbd7 6. Qc2 Be7 7. g4 dxc4 8. Bxc4
b5 9. Bd3 Bb7 10. g5 Nh5 11. Bd2 c5 12. Be4 Bxe4 13. Qxe4 b4 14. Ne2 Rc8 15.
Ng3 Nxg3 16. hxg3 Bxg5 17. Rxh7 Rxh7 18. Qxh7 Bf6 19. Rd1 a5 20. Ne5 Nf8 21.
Qh5 g6 22. Qf3 Bxe5 23. dxe5 Qd5 24. e4 Qxe5 25. Bh6 f5 26. Kf1 Qxe4 27. Qxe4
fxe4 28. Rd6 Ke7 29. Ra6 Nd7 30. Bg5+ Ke8 31. Rxe6+ Kf8 32. Rxe4 c4 33. Ke2 Nc5
34. Rxc4 Re8+ 35. Kf3 Ne6 36. Be3 Ke7 37. Rc6 Kd7 38. Ra6 Rf8+ 39. Ke2 Rc8 40.
Kd2 Nc5 41. Rxa5 Ne4+ 42. Kd3 Nd6 43. Ra7+ Ke6 44. Ra6 Kd5 45. Ra5+ Ke6 46. Bf4
Nf5 47. Rb5 Rd8+ 48. Kc4 Rd4+ 49. Kb3 Rxf4 50. gxf4 Nd4+ 51. Kxb4 Nxb5 52. Kxb5
Kf5 53. a4 Kxf4 54. a5 Kf3 55. a6 Kxf2 56. a7 g5 57. a8=Q g4 58. Qg8 g3 59.
Qxg3+ Kxg3 60. b4 Kf4 61. Kc6 Ke4 62. b5 Kd4 63. b6 1-0

[Event "RA CC Active"]
[Site "Ottawa CAN"]
[Date "1997.03.06"]
[Round "4"]
[White "Ferguson, Peter"]
[Black "Hergott, Deen"]
[Result "0-1"]
[WhiteElo "2138"]
[BlackElo "2525"]
[PlyCount "78"]
[EventDate "1997.02.27"]
[EventType "swiss (rapid)"]
[EventRounds "8"]
[EventCountry "CAN"]

1. d4 d5 2. c4 c6 3. Nf3 Nf6 4. Nc3 e6 5. Bg5 dxc4 6. e4 b5 7. e5 h6 8. Bh4 g5
9. Nxg5 hxg5 10. Bxg5 Nbd7 11. exf6 Bb7 12. h4 Qb6 13. Qd2 O-O-O 14. O-O-O c5
15. d5 Ne5 16. Qe3 Ng4 17. Qf4 Nh6 18. Nxb5 Qxb5 19. Bxc4 e5 20. Qe4 Qd7 21.
Bxh6 Bxh6+ 22. Kb1 Rdg8 23. Qxe5 Re8 24. Qc3 Qf5+ 25. Bd3 Qxf2 26. Rhf1 Qxh4
27. Qxc5+ Kb8 28. Bb5 Rc8 29. Qd6+ Ka8 30. Rfe1 Rhd8 31. Bd7 Qa4 32. Bxa4 Rxd6
33. Bb3 Bg5 34. Re7 Rxf6 35. d6 Rxd6 36. Rde1 Bxe7 37. Rxe7 Re6 38. Rxe6 fxe6
39. Bxe6 Be4+ 0-1

[Event "RA CC Active"]
[Site "Ottawa CAN"]
[Date "1997.03.06"]
[Round "5"]
[White "Hergott, Deen"]
[Black "Awate, Avinash"]
[Result "1-0"]
[WhiteElo "2525"]
[BlackElo "2334"]
[PlyCount "95"]
[EventDate "1997.02.27"]
[EventType "swiss (rapid)"]
[EventRounds "8"]
[EventCountry "CAN"]

1. d4 Nf6 2. Bg5 e6 3. e4 d5 4. Nc3 dxe4 5. Nxe4 Be7 6. Bxf6 Bxf6 7. Nf3 O-O 8.
Qd2 b6 9. O-O-O Bb7 10. Qf4 Nd7 11. Bb5 c6 12. Bc4 b5 13. Bd3 Rc8 14. Nd6 Rb8
15. Nxb7 Rxb7 16. Qe4 g6 17. Qxc6 Rb6 18. Qe4 a5 19. h4 Bg7 20. Ne5 Nf6 21. Qe3
Nd5 22. Qf3 a4 23. Be4 b4 24. Bxd5 exd5 25. Kb1 Rf6 26. Qg3 Qc7 27. h5 Rc8 28.
Rc1 Rf5 29. hxg6 fxg6 30. Rxh7 Qb6 31. Rh4 b3 32. axb3 axb3 33. cxb3 Rxc1+ 34.
Kxc1 Bxe5 35. dxe5 Rxf2 36. e6 Rf1+ 37. Kd2 Rf2+ 38. Kd1 Rf1+ 39. Ke2 Qb5+ 40.
Rc4 dxc4 41. Qxg6+ Kh8 42. Kxf1 cxb3+ 43. Kg1 Qc5+ 44. Kh2 Qe5+ 45. Kh3 Qxb2
46. e7 Qc3+ 47. g3 Qc8+ 48. Kh4 1-0

[Event "RA CC Active"]
[Site "Ottawa CAN"]
[Date "1997.03.06"]
[Round "6"]
[White "Djerkovic, Miladin"]
[Black "Hergott, Deen"]
[Result "1/2-1/2"]
[WhiteElo "2180"]
[BlackElo "2525"]
[PlyCount "94"]
[EventDate "1997.02.27"]
[EventType "swiss (rapid)"]
[EventRounds "8"]
[EventCountry "CAN"]

1. e4 e5 2. Nf3 d6 3. Bc4 Be7 4. d3 Nf6 5. O-O O-O 6. h3 Be6 7. Nbd2 c6 8. Bb3
Na6 9. d4 exd4 10. Nxd4 Bxb3 11. axb3 Nc5 12. Re1 a5 13. Nf5 Re8 14. Qf3 Bf8
15. g4 g6 16. Ng3 Nfd7 17. Re2 Qh4 18. Qg2 Ne5 19. f4 Ne6 20. Rf2 d5 21. fxe5
Bc5 22. Nf3 Bxf2+ 23. Qxf2 Qxh3 24. exd5 cxd5 25. g5 Qg4 26. Ra4 d4 27. Nxd4
Nxg5 28. Bxg5 Qxg5 29. Nf3 Qc1+ 30. Kg2 Qxb2 31. Re4 Rac8 32. Re2 Rc6 33. Ne4
Rec8 34. Nd4 R6c7 35. c4 Qc1 36. Re1 Qa3 37. Ng5 Qe7 38. Qh4 f6 39. exf6 Qxf6
40. Re6 Qg7 41. Ne4 Qxd4 42. Nf6+ Kf7 43. Qxd4 Kxe6 44. Nd5 Rd7 45. Qg4+ Kd6
46. Nb6 Rcc7 47. Nxd7 Rxd7 1/2-1/2

[Event "RA CC Active"]
[Site "Ottawa CAN"]
[Date "1997.03.13"]
[Round "7"]
[White "Hergott, Deen"]
[Black "Saleh, Maher"]
[Result "1-0"]
[WhiteElo "2525"]
[BlackElo "2306"]
[PlyCount "49"]
[EventDate "1997.02.27"]
[EventType "swiss (rapid)"]
[EventRounds "8"]
[EventCountry "CAN"]

1. d4 Nf6 2. Bg5 d5 3. Nd2 g6 4. Bxf6 exf6 5. e3 Bg7 6. c4 dxc4 7. Bxc4 O-O 8.
Ne2 Nc6 9. a3 b6 10. O-O Bb7 11. b4 f5 12. Qb3 f4 13. Rac1 fxe3 14. fxe3 Qe7
15. Nf4 Rae8 16. Bd5 Qd6 17. Nc4 Qd7 18. Bf3 b5 19. d5 Ne5 20. Nxe5 Bxe5 21.
Nd3 Qd6 22. Nxe5 Qxe5 23. e4 Qd4+ 24. Kh1 Kg7 25. Rxc7 1-0

[Event "RA CC Active"]
[Site "Ottawa CAN"]
[Date "1997.03.13"]
[Round "8"]
[White "Pacey, Kevin"]
[Black "Hergott, Deen"]
[Result "0-1"]
[WhiteElo "2237"]
[BlackElo "2525"]
[PlyCount "77"]
[EventDate "1997.02.27"]
[EventType "swiss (rapid)"]
[EventRounds "8"]
[EventCountry "CAN"]

1. e4 c5 2. c3 e6 3. d4 d5 4. e5 Qb6 5. Nf3 Bd7 6. Be2 Bb5 7. O-O Bxe2 8. Qxe2
Nc6 9. Be3 Nh6 10. dxc5 Bxc5 11. Bxc5 Qxc5 12. Nbd2 O-O 13. Nb3 Qb6 14. Rfe1 f6
15. Nbd4 Nxe5 16. Nxe5 fxe5 17. Qxe5 Rxf2 18. Qxe6+ Qxe6 19. Rxe6 Rxb2 20. Re7
Rf8 21. Ne6 Nf5 22. Rf1 Rf6 23. Re8+ Kf7 24. Nc7 Nh4 25. Rxf6+ gxf6 26. Rh8
Rxg2+ 27. Kf1 Kg7 28. Rb8 Rxa2 29. Rxb7 Kg6 30. Nxd5 Nf3 31. h3 a5 32. Rb6 Nd2+
33. Kg1 Ne4 34. c4 a4 35. c5 a3 36. Ra6 Nxc5 37. Rxf6+ Kg5 38. Rf3 Ne4 39. h4+
0-1

[Event "Kingston op"]
[Site "Kingston CAN"]
[Date "1997.02.08"]
[Round "1"]
[White "Hergott, Deen"]
[Black "Sharpe, Sam"]
[Result "1-0"]
[WhiteElo "2507"]
[BlackElo "1090"]
[PlyCount "73"]
[EventDate "1997.02.08"]
[EventType "swiss"]
[EventRounds "5"]
[EventCountry "CAN"]

1. d4 Nf6 2. Bg5 d5 3. Nd2 e6 4. e3 Be7 5. Ngf3 O-O 6. Bd3 c5 7. c3 b6 8. Ne5
Bb7 9. Qf3 Nbd7 10. Qh3 Nxe5 11. dxe5 Ne4 12. Bf4 g6 13. Nf3 Ng5 14. Qg3 Nxf3+
15. gxf3 Qc8 16. h4 f5 17. h5 Qe8 18. O-O-O g5 19. Bxg5 Bxg5 20. Qxg5+ Kh8 21.
Rhg1 Qf7 22. f4 d4 23. Bc4 Rg8 24. Qh6 Rxg1 25. Rxg1 Re8 26. Rg6 Bd5 27. Bxd5
exd5 28. exd4 cxd4 29. cxd4 Rc8+ 30. Rc6 Rxc6+ 31. Qxc6 Qxh5 32. Qf6+ Kg8 33.
Qg5+ Qxg5 34. fxg5 f4 35. Kd2 Kf7 36. Ke2 Kg6 37. e6 1-0

[Event "Kingston op"]
[Site "Kingston CAN"]
[Date "1997.02.08"]
[Round "2"]
[White "McKay, Geoff"]
[Black "Hergott, Deen"]
[Result "0-1"]
[WhiteElo "2135"]
[BlackElo "2507"]
[PlyCount "60"]
[EventDate "1997.02.08"]
[EventType "swiss"]
[EventRounds "5"]
[EventCountry "CAN"]

1. e4 g6 2. d4 Bg7 3. f4 c5 4. c3 d6 5. Nf3 Bg4 6. dxc5 Nf6 7. e5 Nfd7 8. cxd6
exd6 9. Qxd6 Bxf3 10. gxf3 Qh4+ 11. Kd1 Nc6 12. e6 O-O-O 13. Kc2 Nb6 14. Qc5
fxe6 15. Bc4 Nxc4 16. Qxc4 Kb8 17. Be3 Rc8 18. Qe4 Rhd8 19. f5 Qh3 20. Qg4 Qxg4
21. fxg4 exf5 22. gxf5 gxf5 23. Na3 Nb4+ 24. Kb3 Nd5 25. Bg5 Rd6 26. Nb5 Rb6
27. c4 a6 28. a4 axb5 29. axb5 Be5 30. Rhe1 Bf4 0-1

[Event "Kingston op"]
[Site "Kingston CAN"]
[Date "1997.02.08"]
[Round "3"]
[White "Hergott, Deen"]
[Black "Djerkovic, Miladin"]
[Result "1/2-1/2"]
[WhiteElo "2507"]
[BlackElo "2365"]
[PlyCount "50"]
[EventDate "1997.02.08"]
[EventType "swiss"]
[EventRounds "5"]
[EventCountry "CAN"]

1. d4 Nf6 2. Nf3 g6 3. c4 Bg7 4. Nc3 d6 5. e4 O-O 6. Be2 e5 7. O-O Na6 8. Re1
exd4 9. Nxd4 Re8 10. Bf1 Nc5 11. f3 Nh5 12. Be3 f5 13. exf5 gxf5 14. Qd2 Qf6
15. Ndb5 Ne6 16. Nd5 Qf7 17. Ndxc7 Nxc7 18. Nxd6 Rd8 19. Bg5 Rxd6 20. Qxd6 Ne6
21. Be3 Nf8 22. c5 Be6 23. Bd4 Nf6 24. b3 Kh8 25. Rad1 Rc8 1/2-1/2

[Event "Kingston op"]
[Site "Kingston CAN"]
[Date "1997.02.09"]
[Round "4"]
[White "Sarkar, Prosanto"]
[Black "Hergott, Deen"]
[Result "0-1"]
[WhiteElo "2283"]
[BlackElo "2507"]
[PlyCount "58"]
[EventDate "1997.02.08"]
[EventType "swiss"]
[EventRounds "5"]
[EventCountry "CAN"]

1. Nf3 Nf6 2. c4 e6 3. g3 a6 4. Bg2 b5 5. b3 Bb7 6. O-O c5 7. Na3 Qb6 8. d3 d5
9. Bd2 Nc6 10. e3 Be7 11. Qe2 O-O 12. Rfd1 Rfd8 13. Be1 b4 14. cxd5 exd5 15.
Nc2 a5 16. Bd2 a4 17. Rac1 axb3 18. axb3 Ra2 19. Nfe1 Ba6 20. Bf1 Ne4 21. Ra1
Rxa1 22. Nxa1 Bf6 23. f3 Nxd2 24. Qxd2 Bc3 25. Qf2 Ne5 26. Nac2 d4 27. e4 Qa5
28. f4 Nc6 29. Qf3 Qa2 0-1

[Event "Kingston op"]
[Site "Kingston CAN"]
[Date "1997.02.09"]
[Round "5"]
[White "Hergott, Deen"]
[Black "Profit, Brian"]
[Result "1-0"]
[WhiteElo "2507"]
[BlackElo "2103"]
[PlyCount "77"]
[EventDate "1997.02.08"]
[EventType "swiss"]
[EventRounds "5"]
[EventCountry "CAN"]

1. d4 Nf6 2. Nf3 e6 3. c4 c5 4. Nc3 cxd4 5. Nxd4 Nc6 6. Ndb5 d5 7. Bf4 e5 8.
cxd5 exf4 9. dxc6 bxc6 10. Qxd8+ Kxd8 11. O-O-O+ Bd7 12. Nd6 Bxd6 13. Rxd6 Ng4
14. g3 Kc7 15. Rd4 fxg3 16. h3 Nf6 17. fxg3 Rhe8 18. Bg2 Rad8 19. Ra4 Kb8 20.
Rd1 Rc8 21. Ne4 c5 22. Ra3 Bc6 23. Nxf6 gxf6 24. Bxc6 Rxc6 25. e3 Rc7 26. Rd6
Re6 27. Rd8+ Kb7 28. Kd2 h5 29. Rb3+ Kc6 30. Rbd3 Rb7 31. Rc8+ Rc7 32. Rxc7+
Kxc7 33. Ra3 Kb6 34. Ra4 Re5 35. Rf4 Rg5 36. Rxf6+ Kb5 37. Rf3 Kc6 38. e4 Kd6
39. Ke3 1-0

[Event "RA Winter op"]
[Site "Ottawa CAN"]
[Date "1997.01.11"]
[Round "1"]
[White "Hergott, Deen"]
[Black "Pacey, Kevin"]
[Result "1/2-1/2"]
[WhiteElo "2511"]
[BlackElo "2222"]
[PlyCount "60"]
[EventDate "1997.01.11"]
[EventType "swiss"]
[EventRounds "5"]
[EventCountry "CAN"]

1. d4 d6 2. e4 Nf6 3. Nc3 g6 4. Nf3 Bg7 5. Bf4 Bg4 6. Qd2 Nc6 7. d5 Nb4 8. a3
Na6 9. Bb5+ Bd7 10. Be2 O-O 11. Bh6 Nc5 12. e5 dxe5 13. Bxg7 Kxg7 14. Qe3 e4
15. Ng5 Na4 16. Nxa4 Bxa4 17. O-O-O Qd6 18. Nxe4 Nxe4 19. Qxe4 Bd7 20. h4 Qc5
21. h5 Bf5 22. Qd4+ Qxd4 23. Rxd4 Rad8 24. g4 Bc8 25. g5 gxh5 26. Rxh5 Bf5 27.
c4 c6 28. Rhh4 cxd5 29. cxd5 Rc8+ 30. Kd1 Rc5 1/2-1/2

[Event "RA Winter op"]
[Site "Ottawa CAN"]
[Date "1997.01.11"]
[Round "2"]
[White "Trottier, Stephane"]
[Black "Hergott, Deen"]
[Result "0-1"]
[WhiteElo "2001"]
[BlackElo "2513"]
[PlyCount "30"]
[EventDate "1997.01.11"]
[EventType "swiss"]
[EventRounds "5"]
[EventCountry "CAN"]

1. e4 e5 2. f4 exf4 3. Nf3 d5 4. e5 g5 5. h4 g4 6. Ng1 Be7 7. Be2 Bxh4+ 8. Kf1
h5 9. d4 Bg5 10. Nc3 Be6 11. Bd2 Nc6 12. Bb5 Nge7 13. Qc1 Nf5 14. Nge2 Ne3+ 15.
Bxe3 fxe3 0-1

[Event "RA Winter op"]
[Site "Ottawa CAN"]
[Date "1997.01.11"]
[Round "3"]
[White "Marquez, Danilo"]
[Black "Hergott, Deen"]
[Result "0-1"]
[WhiteElo "2311"]
[BlackElo "2513"]
[PlyCount "122"]
[EventDate "1997.01.11"]
[EventType "swiss"]
[EventRounds "5"]
[EventCountry "CAN"]

1. d4 g6 2. g3 Bg7 3. Bg2 d5 4. Nf3 Nf6 5. O-O O-O 6. c4 dxc4 7. Na3 Nc6 8.
Nxc4 Be6 9. b3 Bd5 10. Bb2 a5 11. Nfe5 Bxg2 12. Kxg2 a4 13. Nxc6 Qd5+ 14. f3
Qxc6 15. e4 e6 16. Qd3 Rfd8 17. Rfc1 Qb5 18. Qe3 Nd7 19. Na3 Qb6 20. Nc4 Qa7
21. b4 Nb8 22. Rd1 b5 23. Na3 Qb6 24. Nc2 Nc6 25. a3 Ne7 26. Rd3 Nc8 27. Qf2
Nd6 28. Rad1 Nc4 29. Ba1 Rd6 30. h3 Rad8 31. Ne3 Nxe3+ 32. Qxe3 e5 33. d5 Qxe3
34. Rxe3 c6 35. Red3 f5 36. Kf2 Kf7 37. Ke2 cxd5 38. Rxd5 Rxd5 39. exd5 Rc8 40.
f4 Re8 41. Bxe5 Bxe5 42. fxe5 Rxe5+ 43. Kf3 Ke7 44. d6+ Kd7 45. g4 h6 46. gxf5
Rxf5+ 47. Ke4 Rf6 48. Rd5 Re6+ 49. Kf4 Rxd6 50. Rxb5 Rd3 51. Rb6 Rxa3 52. Rxg6
Rxh3 53. Kg4 Rh1 54. Ra6 Ra1 55. Rxh6 a3 56. Rh2 Kc6 57. Kf3 Kb5 58. Ke3 a2 59.
Re2 Kxb4 60. Rb2+ Ka3 61. Re2 Rh1 0-1

[Event "RA Winter op"]
[Site "Ottawa CAN"]
[Date "1997.01.12"]
[Round "4"]
[White "Hergott, Deen"]
[Black "Schleifer, Michael"]
[Result "1-0"]
[WhiteElo "2513"]
[BlackElo "2431"]
[PlyCount "139"]
[EventDate "1997.01.11"]
[EventType "swiss"]
[EventRounds "5"]
[EventCountry "CAN"]

1. d4 c5 2. dxc5 Na6 3. e4 Nxc5 4. Nc3 d6 5. Be3 Qa5 6. e5 Bd7 7. exd6 Bc6 8.
Nf3 Ne4 9. d7+ Bxd7 10. Qd5 Qxd5 11. Nxd5 Rc8 12. Bxa7 e6 13. Nb6 Bb4+ 14. Ke2
Rxc2+ 15. Kd3 Rxb2 16. Nxd7 Nxf2+ 17. Bxf2 Rxf2 18. Rb1 Bd6 19. Rxb7 Rxa2 20.
Nde5 Ne7 21. Nc4 Ra6 22. Nxd6+ Rxd6+ 23. Kc2 Nc6 24. Bb5 O-O 25. Bxc6 Rxc6+ 26.
Kb3 Rfc8 27. Rd1 Rc2 28. Rd8+ Rxd8 29. Kxc2 f6 30. Re7 Rd6 31. Kc3 Kf8 32. Ra7
e5 33. Nh4 Rd4 34. Nf5 Rg4 35. g3 Rg5 36. Ne3 h5 37. Kc4 f5 38. Ra5 h4 39. gxh4
Rh5 40. Ng2 f4 41. Ra3 g5 42. h3 e4 43. hxg5 e3 44. Nxf4 Rh4 45. Rxe3 Rxf4+ 46.
Kd5 Rf5+ 47. Re5 Rf3 48. h4 Rh3 49. Re4 Kg7 50. Re7+ Kg6 51. Re6+ Kg7 52. Rh6
Ra3 53. Ke5 Ra4 54. Kf5 Rb4 55. Rg6+ Kh7 56. Ra6 Rxh4 57. Ra7+ Kg8 58. Kg6 Kf8
59. Ra8+ Ke7 60. Kg7 Rg4 61. g6 Rg2 62. Ra1 Re2 63. Rf1 Re3 64. Kg8 Rg3 65. g7
Re3 66. Rf4 Re1 67. Rh4 Rg1 68. Kh8 Kf7 69. Rf4+ Ke7 70. g8=Q 1-0

[Event "RA Winter op"]
[Site "Ottawa CAN"]
[Date "1997.01.12"]
[Round "5"]
[White "Djerkovic, Miladin"]
[Black "Hergott, Deen"]
[Result "1/2-1/2"]
[WhiteElo "2353"]
[BlackElo "2513"]
[PlyCount "22"]
[EventDate "1997.01.11"]
[EventType "swiss"]
[EventRounds "5"]
[EventCountry "CAN"]

1. e4 d6 2. d4 Nf6 3. Nc3 e5 4. Nf3 Nbd7 5. Bc4 Be7 6. O-O O-O 7. dxe5 dxe5 8.
Bg5 c6 9. a4 Qc7 10. Bh4 Nc5 11. Bg3 Ncxe4 1/2-1/2

[Event "RA CC ch"]
[Site "Ottawa CAN"]
[Date "1997.01.09"]
[Round "1"]
[White "Collins, Chris"]
[Black "Hergott, Deen"]
[Result "0-1"]
[WhiteElo "2109"]
[BlackElo "2511"]
[PlyCount "68"]
[EventDate "1997.01.09"]
[EventType "swiss"]
[EventRounds "7"]
[EventCountry "CAN"]

1. e4 g6 2. d4 Bg7 3. Nf3 c5 4. c4 Qa5+ 5. Bd2 Qb6 6. Bc3 Nc6 7. dxc5 Bxc3+ 8.
Nxc3 Qxb2 9. Rc1 Qb4 10. Be2 Qxc5 11. O-O Nf6 12. Nd5 O-O 13. Nxf6+ exf6 14.
Qd5 d6 15. Rfd1 Rd8 16. Qxc5 dxc5 17. Rd5 b6 18. Rxd8+ Nxd8 19. e5 Kg7 20. Rd1
Be6 21. exf6+ Kxf6 22. Nd2 Nc6 23. Bf3 Rc8 24. Bd5 Bxd5 25. cxd5 Nd4 26. Ne4+
Ke5 27. Nc3 b5 28. g3 b4 29. f4+ Kd6 30. Ne4+ Kxd5 31. Nf6+ Kc4 32. Nxh7 Re8
33. Rc1+ Kb5 34. h4 Ne2+ 0-1

[Event "RA CC ch"]
[Site "Ottawa CAN"]
[Date "1997.01.16"]
[Round "2"]
[White "Hergott, Deen"]
[Black "Ferguson, Peter"]
[Result "1-0"]
[WhiteElo "2511"]
[BlackElo "2246"]
[PlyCount "49"]
[EventDate "1997.01.09"]
[EventType "swiss"]
[EventRounds "7"]
[EventCountry "CAN"]

1. d4 f5 2. Bg5 g6 3. e3 Bg7 4. h4 h6 5. Bf4 d6 6. Bc4 e6 7. Nc3 Qe7 8. Qf3 Nf6
9. O-O-O O-O 10. Nge2 Kh7 11. Bg5 hxg5 12. hxg5+ Nh5 13. Nf4 Rh8 14. g4 fxg4
15. Qe4 Kg8 16. Nxg6 Qxg5 17. Bxe6+ Bxe6 18. Qxe6+ Kh7 19. Nxh8 Bxh8 20. Qe4+
Kh6 21. Rxh5+ Qxh5 22. Rh1 Nc6 23. Rxh5+ Kxh5 24. Qh7+ Kg5 25. Ne4# 1-0

[Event "RA CC ch"]
[Site "Ottawa CAN"]
[Date "1997.01.23"]
[Round "3"]
[White "Devenport, Martin"]
[Black "Hergott, Deen"]
[Result "0-1"]
[WhiteElo "2301"]
[BlackElo "2511"]
[PlyCount "62"]
[EventDate "1997.01.09"]
[EventType "swiss"]
[EventRounds "7"]
[EventCountry "CAN"]

1. e4 g6 2. g3 d5 3. e5 c5 4. Bg2 Nc6 5. f4 h5 6. Nf3 Nh6 7. d3 Nf5 8. c3 h4 9.
g4 h3 10. Bf1 Nh6 11. Bxh3 Nxg4 12. Ng5 Nf2 13. e6 f6 14. Kxf2 fxg5 15. Qg4 Qd6
16. Na3 a6 17. Kg2 Rxh3 18. Qxh3 Bxe6 19. Qg3 g4 20. Bd2 O-O-O 21. Nc2 d4 22.
c4 Bg7 23. Rhe1 Bf5 24. b4 Rh8 25. bxc5 Qxc5 26. Re5 Nxe5 27. fxe5 Rh3 28. Qf4
Bxe5 29. Qg5 Qc6+ 30. Kg1 Bxh2+ 31. Kf2 Qf3+ 0-1

[Event "RA CC ch"]
[Site "Ottawa CAN"]
[Date "1997.01.30"]
[Round "4"]
[White "Hergott, Deen"]
[Black "Djerkovic, Miladin"]
[Result "1-0"]
[WhiteElo "2511"]
[BlackElo "2386"]
[PlyCount "47"]
[EventDate "1997.01.09"]
[EventType "swiss"]
[EventRounds "7"]
[EventCountry "CAN"]

1. d4 g6 2. e4 Bg7 3. Nf3 d6 4. Nc3 Nf6 5. Bf4 O-O 6. Qd2 Bg4 7. Bh6 Nc6 8.
Bxg7 Kxg7 9. d5 Ne5 10. Ng1 Bc8 11. f4 Ned7 12. Nf3 c6 13. dxc6 bxc6 14. e5 Ne8
15. h4 h5 16. O-O-O Qa5 17. g4 hxg4 18. h5 gxf3 19. hxg6 fxg6 20. Bd3 Nxe5 21.
fxe5 Bf5 22. Qh6+ Kf7 23. Bxf5 gxf5 24. e6+ 1-0

[Event "RA CC ch"]
[Site "Ottawa CAN"]
[Date "1997.02.06"]
[Round "5"]
[White "Van Adel, Steven"]
[Black "Hergott, Deen"]
[Result "0-1"]
[WhiteElo "2093"]
[BlackElo "2511"]
[PlyCount "46"]
[EventDate "1997.01.09"]
[EventType "swiss"]
[EventRounds "7"]
[EventCountry "CAN"]

1. Nf3 d6 2. g3 e5 3. d3 f5 4. Bg2 Be7 5. e4 fxe4 6. dxe4 Nf6 7. c3 Nbd7 8. Qc2
Nc5 9. Nbd2 a5 10. O-O O-O 11. Re1 Qe8 12. h3 Qh5 13. Nh4 d5 14. exd5 e4 15.
Bf1 g5 16. Ng2 Bxh3 17. Ne3 Bxf1 18. Ndxf1 Nd3 19. Re2 Nd7 20. d6 Bxd6 21. Nc4
Rf6 22. Nxd6 cxd6 23. Be3 Rh6 0-1

[Event "RA CC ch"]
[Site "Ottawa CAN"]
[Date "1997.02.13"]
[Round "6"]
[White "Hergott, Deen"]
[Black "Allen, Graham"]
[Result "1-0"]
[WhiteElo "2511"]
[BlackElo "2141"]
[PlyCount "71"]
[EventDate "1997.01.09"]
[EventType "swiss"]
[EventRounds "7"]
[EventCountry "CAN"]

1. d4 Nf6 2. Bg5 g6 3. Bxf6 exf6 4. c4 Bg7 5. e3 d6 6. g3 O-O 7. Bg2 c5 8. dxc5
dxc5 9. Nc3 Nd7 10. Nf3 Ne5 11. Nxe5 fxe5 12. Qa4 Be6 13. Bxb7 Rb8 14. Bd5 Rxb2
15. O-O Bh3 16. Rfb1 Qb6 17. Nb5 Rd2 18. Nc3 Rb2 19. Nb5 Rd2 20. Rd1 Rxd1+ 21.
Rxd1 a6 22. Nd6 Qb4 23. Qxb4 cxb4 24. c5 Bf6 25. c6 Be7 26. Nxf7 Rxf7 27. c7 a5
28. Bxf7+ Kxf7 29. Rd8 a4 30. c8=Q Bxc8 31. Rxc8 b3 32. axb3 a3 33. Rc6 Ke8 34.
Ra6 Kd7 35. Ra4 Ke6 36. e4 1-0